000 nam a22 7a 4500
999 _c9174
_d9174
008 180123b ||||| |||| 00| 0 eng d
100 _aArya.R.P.etal.
_95440
245 _aUttaranchal Road Atlas State D.G.
260 _aJodhpur
_bIMS
_c2004